On the question of Korea : Speeches of representatives at the 30th session of the U.N. General Assembly

Đã lưu trong:
Bibliografiske detaljer
Format: Bog
Sprog:Undetermined
Udgivet: Korea Foreign Languages Publising House 1974
Fag:
Tags: Tilføj Tag
Ingen Tags, Vær først til at tagge denne postø!
Thư viện lưu trữ: Trung tâm Học liệu Trường Đại học Cần Thơ
LEADER 00535nam a2200181Ia 4500
001 CTU_89547
008 210402s9999 xx 000 0 und d
082 |a 341.23 
082 |b O.58 
245 0 |a On the question of Korea : 
245 0 |b Speeches of representatives at the 30th session of the U.N. General Assembly 
260 |a Korea 
260 |b Foreign Languages Publising House 
260 |c 1974 
650 |a United Nations 
650 |z Korea 
904 |i Mai Loan 
980 |a Trung tâm Học liệu Trường Đại học Cần Thơ